000 00571nam a2200193 a 4500
005 20140414131848.0
008 040602s19uu xx 00 eng d
020 _a0-02-174940-X
050 _aM 428.6
_bAr6 1989
100 _aArnold, Virginia A.
245 _aStepping out /
_cVirginia A. Arnold and Carl B. Smith.
260 _aNew York :
_bMacmillan,
_c1989.
300 _a80 p. : ill. ; cm.
440 _aMacmillan Reading Program Connections
650 _aReadin
_xStudy and teaching.
650 _aChildrens literature.
999 _c110062
_d110062